تاریخ اسلام: ; Tārīkh-i Islām / (Record no. 84764)
[ view plain ]
| 000 -LEADER | |
|---|---|
| fixed length control field | 01014cam a22002654a 4500 |
| 001 - CONTROL NUMBER | |
| control field | 84764 |
| 003 - CONTROL NUMBER IDENTIFIER | |
| rucl marc code | BD-RjUL |
| 005 - DATE AND TIME OF LATEST TRANSACTION | |
| control field | 20250310124503.0 |
| 008 - FIXED-LENGTH DATA ELEMENTS--GENERAL INFORMATION | |
| fixed length control field | 250310s1949 ii b b 000 0 urdo |
| 035 ## - SYSTEM CONTROL NUMBER | |
| System control number | (BD-RjUL)84764 |
| 040 ## - CATALOGING SOURCE | |
| Original cataloging agency | DLC |
| Transcribing agency | DLC |
| Modifying agency | DLC |
| Language of cataloging | eng |
| 041 ## - LANGUAGE CODE | |
| Language code of text/sound track or separate title | urd |
| 082 ## - DEWEY DECIMAL CLASSIFICATION NUMBER | |
| Edition number | 23 |
| Classification number | 297.0902 |
| Author mark and year | NAT 1949 |
| 100 1# - MAIN ENTRY--PERSONAL NAME | |
| Personal name | ندوی، شاہ معین الدین احمد ;; Nadvi, Shah Moinuddin Ahmed |
| 9 (RLIN) | 15164 |
| 245 10 - TITLE STATEMENT | |
| Title | تاریخ اسلام: ; Tārīkh-i Islām / |
| Statement of responsibility, etc. | شاہ معین الدین احمد ندوی ;; Shah Moinuddin Ahmed Nadvi |
| 246 1# - VARYING FORM OF TITLE | |
| Title proper/short title | History of Islam |
| 260 ## - PUBLICATION, DISTRIBUTION, ETC. (IMPRINT) | |
| Place of publication, distribution, etc. | اعظم گڑھ :Azamgarh : |
| Name of publisher, distributor, etc. | معارف پریس : Maarif Press , |
| Date of publication, distribution, etc. | 1949 |
| 300 ## - PHYSICAL DESCRIPTION | |
| Pagination | V. : |
| Illustrations | maps ; |
| Size | 23 cm. |
| 504 ## - BIBLIOGRAPHY, ETC. NOTE | |
| Bibliography, etc | Includes bibliographical references |
| 505 ## - FORMATTED CONTENTS NOTE | |
| Formatted contents note | Vol. 1. part. 3 . خلافت عباسیہ ;; Abbasid Caliphate.-- |
| 520 ## - SUMMARY, ETC. | |
| Summary, etc. | Chronological history of Islamic Empire from 750to 944 |
| 651 #0 - SUBJECT ADDED ENTRY--GEOGRAPHIC NAME | |
| Geographic name | Islamic Empire |
| General subdivision | History |
| Form subdivision | Chronology. |
| 9 (RLIN) | 15165 |
| 942 ## - ADDED ENTRY ELEMENTS (KOHA) | |
| Source of classification or shelving scheme | Dewey Decimal Classification |
| Koha item type | Books |
| Lost status | Source of classification or shelving scheme | Damaged status | Not for loan | Collection code | Permanent Location | Current Location | Shelving location | Date acquired | Source of acquisition | Cost, normal purchase price | Full call number | Date last seen | Copy number | Koha item type |
|---|---|---|---|---|---|---|---|---|---|---|---|---|---|---|
| Dewey Decimal Classification | Not For Loan | Non-fiction | Central Library, University of Rajshahi | Central Library, University of Rajshahi | Reading Room | 18/10/1973 | Quran manjil | 5.00 | U 297.0902 NAT V-1 pt. 3 1949 | 10/03/2025 | C-1 | Books |